| 000 | 01041cam a2200205 a 4500 | ||
|---|---|---|---|
| 020 | _a0784402086 | ||
| 082 | 0 | 0 |
_a624.151 _bCAS |
| 245 | 0 | 0 |
_aCase histories of geophysics applied to civil engineering and public policy : _bproceedings of sessions sponsored by the Geo-Institute of the American Society of Civil Engineers in conjunction with the ASCE National Convention in Washington, D.C., November 10-14, 1996 / _cedited by Paul Michaels and Richard Woods. |
| 260 |
_aNew York : _bAmerican Society of Civil Engineers, _cc1996. |
||
| 300 |
_avii, 115 p. : _bill., maps ; _c22 cm. |
||
| 526 |
_a0 _b0 _c0 _d624_151000000000000_CAS |
||
| 650 | 0 |
_aEngineering geology _xCase studies _xCongresses. _946611 |
|
| 650 | 0 |
_aEngineering geology _xGovernment policy _xCase studies _xCongresses. _946612 |
|
| 650 | 0 |
_aEnvironmental geotechnology _xCase studies _xCongresses. _946613 |
|
| 650 | 0 |
_aMCE _9379 |
|
| 700 | 1 |
_aMichaels, Paul. _946614 |
|
| 700 | 1 |
_aWoods, Richard D. _922246 |
|
| 710 | 2 |
_aAmerican Society of Civil Engineers. _9702 |
|
| 942 |
_2ddc _cBK |
||
| 999 |
_c549908 _d549908 |
||